| 000 | 00603nam a2200205Ia 4500 | ||
|---|---|---|---|
| 005 | 20250923145358.0 | ||
| 008 | 008 250917s9999 xx 000 0 eng d | ||
| 037 | _aTextual | ||
| 040 |
_aDSWL _beng _cDSWL |
||
| 041 |
_aeng _2eng |
||
| 084 |
_aX:16.2'M9 N01;1 _qDSWL |
||
| 100 |
_aNaroji, Dadabhai _9834682 |
||
| 245 | 0 |
_aPoverty and the Un-British rule in India _c by Dadabhai Naroji |
|
| 260 |
_aDelhi _bPublication Division _c1962 |
||
| 300 | _aix,597 p. | ||
| 365 |
_aINR _b10 . 0 |
||
| 925 | _g10 . 0 | ||
| 942 |
_cTEXL _hX:16.2'M9 N01;1 |
||
| 999 |
_c1450665 _d1450665 |
||